Behavioural Attention to Financial Indicators: Evidence from Google Trends Data

Gespeichert in:
Bibliographische Detailangaben
1. Verfasser: Stejskalová, Jolana
Format: Buchkapitel
Sprache:Englisch
Tags: Tag hinzufügen
Keine Tags, Fügen Sie das erste Tag hinzu!

MARC

LEADER 00000naa a2200000 4500
001 0259958
005 20191127140954.4
041 0 |a eng 
044 |a CZ 
245 1 0 |a Behavioural Attention to Financial Indicators: Evidence from Google Trends Data  |c Jolana Stejskalová 
100 1 |a Stejskalová, Jolana